000 00673nam a22002057a 4500
999 _c491
_d491
008 151216b xxu||||| |||| 00| 0 eng d
020 _a9781610489454
082 _22014
_aDC 370.1523
_bL625
100 _91254
_aLesch Lyn
245 _aCreative learning for the information age:
_bhow classrooms can better prepare students/
_cLyn Lesch
250 _a2nd edition
260 _aLanham, Maryland:
_bRowman and Littlefield,
_cc2014.
300 _a125 pages;
_c24 cm.
500 _aIncludes Bibliographical references.
650 0 _91255
_aLearning
650 0 _91256
_aEducation
_xPhilosophy
650 0 _91257
_aCreative ability
365 _a1,995.00
_bPhp
942 _2ddc
_cDC